| 000 | 00756nam a2200181 i 4500 | ||
|---|---|---|---|
| 001 | 160280 | ||
| 003 | ES-MaACL | ||
| 005 | 20250730025326.0 | ||
| 008 | 021111s1859 fr |||| | fre d | ||
| 040 |
_aCCPB | B _bspa _cCCPB | B |
||
| 100 | 1 |
_aMourão Pitta, Cesar Augusto de. _9130252 |
|
| 245 | 1 | 0 |
_aDu climat de madère et de son influence thérapeutique dans le traitement des maladies chroniques en général et en particuler de la phthisie pulmonaire / _cpar C.A. Mourão-Pitta. |
| 260 |
_aMontpellier : _b[s.n.], _c1859 ( _ftypographie de Boehm) |
||
| 300 |
_a262 p. ; _c22 cm. |
||
| 650 | 0 | 7 |
_aTuberculosis _2embne _917658 |
| 852 |
_aES-MaACL _jG-8483 _z-- Enc. pasta española _x-- Edic.: corregir en tít. "Madère" |
||
| 999 |
_c160280 _d160280 |
||